[Event "8th TCh-Eur w"]
[Site "Novi Sad SRB"]
[Date "2009.10.22"]
[Round "1"]
[White "Jackova,J"]
[Black "Dzagnidze,N"]
[Result "1-0"]
[WhiteElo "2393"]
[BlackElo "2535"]

1.e4 c5 2.Nf3 e6 3.d4 cxd4 4.Nxd4 Nc6 5.Nc3 Qc7 6.g3 a6 7.Bg2 Nge7 8.Nb3 d6
9.a4 g6 10.a5 Ne5 11.f4 Nc4 12.Qd4 e5 13.Qd3 Bg7 14.O-O exf4 15.gxf4 O-O
16.f5 Ne5 17.Nd5 Nxd5 18.Qxd5 Re8 19.Nd4 Qc5 20.f6 Bf8 21.Ra3 Bd7 22.Rc3 Qxd5
23.exd5 Rac8 24.Rxc8 Rxc8 25.b3 h6 26.c4 Re8 27.h3 Kh7 28.Re1 Rc8 29.Ba3 h5
30.Re2 Re8 31.Kf1 h4 32.Nf3 Nxf3 33.Rxe8 Nh2+ 34.Kg1 Bxe8 35.Kxh2 Bd7 36.b4 Bh6
37.c5 Bf4+ 38.Kh1 Be5 39.c6 Bc8 40.b5 axb5 41.Bf1 bxc6 42.dxc6 Ba6 43.Kg2 d5
44.Bc5 d4 45.Bb6 Bxf6 46.c7 Bb7+ 47.Kf2 Bg5 48.Bxb5 Be3+ 49.Ke1 Bc8 50.a6 Bxh3
51.a7  1-0

[Event "Chigorin Mem Open"]
[Site "St Petersburg RUS"]
[Date "2009.10.22"]
[Round "7"]
[White "Lintchevski,D"]
[Black "Khairullin,I"]
[Result "0-1"]
[WhiteElo "2499"]
[BlackElo "2604"]

1.e4 c5 2.Nf3 e6 3.d4 cxd4 4.Nxd4 Nc6 5.Nc3 Qc7 6.Be2 Nf6 7.Be3 Be7 8.Qd2 a6
9.O-O-O b5 10.f3 h5 11.g3 Ne5 12.h3 b4 13.Na4 d5 14.Nb3 dxe4 15.Nb6 Rb8 16.Nxc8 Rxc8
17.Bxa6 Nxf3 18.Qf2 Rb8 19.Ba7 Ra8 20.Bb6 Qc6 21.Be2 O-O  0-1

[Event "Chigorin Mem Open"]
[Site "St Petersburg RUS"]
[Date "2009.10.22"]
[Round "7"]
[White "Korchmar,V"]
[Black "Pecheritsa,V"]
[Result "1/2-1/2"]
[WhiteElo "2163"]
[BlackElo "2319"]

1.e4 c5 2.Nf3 e6 3.d4 cxd4 4.Nxd4 Nc6 5.Nc3 a6 6.g3 d6 7.Bg2 Bd7 8.Nb3 Nf6
9.O-O b5 10.a3 Be7 11.f4 Rc8 12.Be3 O-O 13.g4 b4 14.axb4 Nxb4 15.g5 Ne8 16.Rc1 Nc7
17.Qh5 g6 18.Qh4 f6 19.Qg3 fxg5 20.fxg5 e5 21.h4 Ne6 22.Rf2 Ng7 23.Rcf1 Rxf2
24.Qxf2 Be6 25.Rd1 Qc7 26.Bb6 Qb8 27.Ba7 Qa8 28.Be3 Rf8 29.Qd2 Qb8 30.Nc1 Nh5
31.N3e2 Nc6 32.c3 Na5 33.Nd3 Nc4 34.Qc1 Bg4 35.Re1 Nxe3 36.Qxe3 Bd8 37.Qd2 Qb6+
38.Kh2 Kg7 39.Rf1 Rxf1 40.Bxf1 Qb7 41.Bg2 Qf7 42.Qe3 a5 43.Ng1 Be6 44.Bf3 Bc4
45.Be2 Bc7 46.Nf2 Bxe2 47.Nxe2 Bb8 48.Kg2 Ba7 49.Qf3 Qb7 50.Nd3 Qb6 51.Qg4 Qb7
52.Qf3 Kg8 53.Ng3 Ng7 54.Qf6 Qd7 55.Nf2 Bxf2 56.Qxf2 Qg4 57.Qb6 Nh5 58.Qd8+ Kf7
59.Qc7+ Kg8 60.Qd8+ Kf7 61.Qc7+ Ke8 62.Qc6+ Ke7 63.Qc7+ Qd7 64.Qxa5 Nf4+
65.Kf3 Ne6 66.Qa8 Nd8 67.Qd5 Ne6 68.b4 Qc8 69.c4 Qf8+ 70.Kg4 Qc8 71.Kf3 Qf8+
72.Kg4  1/2-1/2

[Event "Chigorin Mem Open"]
[Site "St Petersburg RUS"]
[Date "2009.10.22"]
[Round "7"]
[White "Ivanov,Ro"]
[Black "Zanan,E"]
[Result "0-1"]
[WhiteElo "2287"]
[BlackElo "2111"]

1.e4 c5 2.Nf3 e6 3.d4 cxd4 4.Nxd4 Nc6 5.Nc3 Qc7 6.a3 a6 7.Be2 Nf6 8.O-O Be7
9.Be3 O-O 10.Nb3 b5 11.f4 d6 12.Qe1 Bb7 13.Bf3 Rac8 14.Qf2 Rfe8 15.g4 Nd7
16.g5 Na5 17.Nxa5 Qxa5 18.f5 Rf8 19.Qg2 Kh8 20.Bg4 Ne5 21.fxe6 b4 22.axb4 Qxb4
23.exf7 Nxg4 24.Qxg4 Qxb2 25.Bd4 Rxc3 26.Rad1 Qb4 27.g6 Rc5 28.Rf5 Rxf5 29.exf5 Bf6
30.c3 Bxd4+ 31.cxd4 Qc3 32.Qf4 Qf3 33.Qxf3 Bxf3 34.Re1 Bc6 35.Re6 Bd7 36.Re7 Bb5
37.Kf2 Ra8 38.Kg3 Bc6 39.d5 Bb5 40.h4 a5 41.Ra7 Rf8 42.Rxa5 Bd3 43.Kf4 hxg6
44.Ra7 Bxf5 45.Re7 Kh7 46.Kg5 Bc2  0-1

[Event "Unive Open"]
[Site "Hoogeveen NED"]
[Date "2009.10.23"]
[Round "8"]
[White "Klein,Da"]
[Black "Genov,Peta"]
[Result "0-1"]
[WhiteElo "2248"]
[BlackElo "2470"]

1.e4 c5 2.Nf3 e6 3.d4 cxd4 4.Nxd4 Nc6 5.Nc3 Qc7 6.Be3 a6 7.Qd2 Nf6 8.O-O-O Bb4
9.f3 O-O 10.a3 Be7 11.g4 b5 12.g5 Ne8 13.h4 b4 14.axb4 Bxb4 15.Nxc6 Qxc6
16.Bd4 d6 17.f4 Rb8 18.g6 f6 19.gxh7+ Kh8 20.Qe2 Nc7 21.h5 e5 22.h6 g6 23.Qg2 Kxh7
24.Rg1 Rg8 25.fxe5 dxe5 26.Ba7 Ra8 27.Rd8 Bh3 28.Rxa8 Bxg2 29.Rxg8 Kxg8 30.Rxg2 Kh7
31.Rg3 Bc5 32.Bb8 Bf8 33.Bd3 Bxh6+ 34.Kb1 Bf4 35.Rh3+ Kg7 36.Bxc7 Qxc7 37.Bxa6 Qa7
38.Bc4 Qg1+ 39.Ka2 Qg2 40.Rd3 Qxc2 41.Rd7+ Kh6 42.Bb3 Qf2 43.Nd5 Bc1 44.Ka1 Qxb2+  0-1

[Event "Unive Open"]
[Site "Hoogeveen NED"]
[Date "2009.10.23"]
[Round "8"]
[White "Slingerland,F"]
[Black "Genova,Ly"]
[Result "1-0"]
[WhiteElo "2395"]
[BlackElo "2250"]

1.e4 c5 2.Nf3 e6 3.d4 cxd4 4.Nxd4 Nc6 5.Nc3 Qc7 6.Be2 a6 7.O-O Nf6 8.Be3 Bb4
9.Nxc6 bxc6 10.Qd4 Bd6 11.f4 e5 12.Qd2 O-O 13.Rad1 Be7 14.fxe5 Qxe5 15.Bf4 Qe6
16.e5 Ne8 17.Qd4 Nc7 18.a4 Rb8 19.Bc4 Rb4 20.Bxe6 Rxd4 21.Rxd4 Bc5 22.Be3 Bxd4
23.Bxf7+ Rxf7 24.Bxd4 Rxf1+ 25.Kxf1 Kf7 26.Ne4 Ne8 27.Ke2 Ke6 28.Ke3 h6 29.c4 g6
30.c5 a5 31.Bc3 Ba6 32.Kd4 Ng7 33.g4 Be2 34.Nf2 h5 35.h3 Ke7 36.Bxa5 hxg4
37.hxg4 Ne6+ 38.Ke3 Bc4 39.Bc3 Bb3 40.a5 Bc4 41.Ne4 Ba6 42.Be1 Kd8 43.Bh4+ Kc7
44.b3 Bf1 45.Be7 Kb7 46.Nf6 Ka6 47.Nxd7 Kxa5 48.Nf8 Nxf8 49.Bxf8 Ba6 50.e6 Bc8
51.e7 Bd7 52.Kd4 Ka6 53.Ke5 Kb7 54.Kf6 Be8 55.g5 Kc7 56.Ke6 Kc8 57.Bg7 Kc7
58.Be5+ Kc8 59.Bd6 Kb7 60.Kf6 Kc8 61.Kg7 Kb7 62.Kf8  1-0

[Event "8th TCh-Eur w"]
[Site "Novi Sad SRB"]
[Date "2009.10.23"]
[Round "2"]
[White "Schoene,Mar"]
[Black "Muhren,B"]
[Result "1-0"]
[WhiteElo "2274"]
[BlackElo "2290"]

1.e4 c5 2.Nf3 e6 3.d4 cxd4 4.Nxd4 Nc6 5.Nc3 Qc7 6.Be2 a6 7.Be3 Nf6 8.a3 Be7
9.f4 d6 10.Qd2 O-O 11.O-O-O Re8 12.g4 Nxd4 13.Qxd4 e5 14.Qd3 exf4 15.Bxf4 Be6
16.g5 Nd7 17.h4 Ne5 18.Qg3 Rac8 19.Rd2 b5 20.h5 Qc5 21.Be3 Qc7 22.Nd5 Bxd5
23.exd5 Nc4 24.Bxc4 Qxc4 25.Kb1 Qe4 26.Rf1 Bf8 27.Bf4 Qf5 28.Rg1 Red8 29.g6 fxg6
30.hxg6 hxg6 31.Rf2 Qe4 32.Qh2 Qxd5 33.Bg5 Re8 34.Rh1 Re1+ 35.Rxe1 Qxg5 36.Rh1 Qh5
37.Qg2 Qc5 38.Qf3 Qc4 39.Qh3  1-0

[Event "8th TCh-Eur w"]
[Site "Novi Sad SRB"]
[Date "2009.10.23"]
[Round "2"]
[White "Kopinits,A"]
[Black "Milliet,S"]
[Result "0-1"]
[WhiteElo "2254"]
[BlackElo "2407"]

1.e4 c5 2.Nf3 e6 3.d4 cxd4 4.Nxd4 Nc6 5.Nc3 Qc7 6.Be2 a6 7.O-O Nf6 8.Kh1 Nxd4
9.Qxd4 Bc5 10.Qd3 b5 11.Bg5 Bb7 12.f4 b4 13.Bxf6 gxf6 14.Na4 Be7 15.b3 Rg8
16.c3 f5 17.Bf3 Qxf4 18.Rad1 Bxe4 19.Qxd7+ Kf8 20.Rde1 Bd6  0-1

[Event "17th TCh-Eur"]
[Site "Novi Sad SRB"]
[Date "2009.10.23"]
[Round "2"]
[White "Dineley,R"]
[Black "Iotov,V"]
[Result "1/2-1/2"]
[WhiteElo "2270"]
[BlackElo "2578"]

1.e4 c5 2.Nf3 e6 3.d4 cxd4 4.Nxd4 Nc6 5.Nc3 Qc7 6.Be2 a6 7.O-O Nf6 8.Be3 Be7
9.f4 d6 10.Kh1 O-O 11.a4 Re8 12.Bg1 Rb8 13.Bd3 Nb4 14.a5 e5 15.fxe5 dxe5
16.Nf5 Bxf5 17.Rxf5 Bc5 18.Bxc5 Qxc5 19.Qf3 Rbd8 20.Rf1 Nxd3 21.cxd3 Qd6
22.g4 Qxd3 23.g5 Qxf3+ 24.R5xf3 Nd7 25.Rxf7 Rf8 26.Rxf8+ Rxf8 27.Rxf8+ Kxf8
28.Kg2 Ke7 29.b4 Kd6 30.Kg3 Ke6  1/2-1/2

[Event "17th TCh-Eur"]
[Site "Novi Sad SRB"]
[Date "2009.10.23"]
[Round "2"]
[White "Bosiocic,Mari"]
[Black "Macieja,B"]
[Result "1/2-1/2"]
[WhiteElo "2571"]
[BlackElo "2618"]

1.e4 c5 2.Nf3 e6 3.d4 cxd4 4.Nxd4 Nc6 5.Nc3 Qc7 6.Be3 a6 7.Qd2 Nf6 8.O-O-O Be7
9.f3 h5 10.Nxc6 bxc6 11.Bf4 e5 12.Bg5 a5 13.f4 d6 14.Bxf6 gxf6 15.Na4 Rb8
16.a3 exf4 17.Qxf4 Rg8 18.Be2 Rxg2 19.Bxh5 Qa7 20.Rd2 Rg1+ 21.Rd1 Rxh1 22.Rxh1 Qd4
23.Nc3 Qe5 24.Qf3 Be6 25.Rg1 Kd7 26.h3 f5 27.exf5 Qxf5 28.Qxf5 Bxf5 29.Bxf7 Rh8
30.Bg6 Be6 31.Rh1 Rxh3 32.Rxh3 Bxh3 33.Bd3 d5 34.Ne2 Be6 35.c3 c5 36.Kc2 Bd6
37.b4 axb4 38.axb4 cxb4 39.cxb4 Bxb4  1/2-1/2

[Event "Chigorin Mem Open"]
[Site "St Petersburg RUS"]
[Date "2009.10.23"]
[Round "8"]
[White "Abergel,T"]
[Black "Vorobiov,E"]
[Result "1/2-1/2"]
[WhiteElo "2532"]
[BlackElo "2606"]

1.e4 c5 2.Nf3 e6 3.d4 cxd4 4.Nxd4 Nc6 5.Nc3 Qc7 6.Be3 a6 7.Qd2 Nf6 8.O-O-O Bb4
9.f3 Ne7 10.Nde2 b5 11.Kb1 Ba5 12.Bf4 e5 13.Bg5 b4 14.Na4 h6 15.Bxf6 gxf6
16.b3 Bb7 17.Ng3 d5 18.exd5 Nxd5 19.Bc4 O-O-O 20.Qe2 Nf4 21.Qf2 Bc6 22.Bxa6+ Kb8
23.Ne2 Bxa4 24.Nxf4 Bb6 25.Qe2  1/2-1/2

[Event "Chigorin Mem Open"]
[Site "St Petersburg RUS"]
[Date "2009.10.23"]
[Round "8"]
[White "Balakirev,I"]
[Black "Dolgusheva,I"]
[Result "1-0"]
[WhiteElo "2255"]
[BlackElo "2057"]

1.e4 c5 2.Nf3 Nc6 3.Nc3 e6 4.d4 cxd4 5.Nxd4 Qc7 6.f4 a6 7.Be3 d6 8.Qf3 Nf6
9.O-O-O Bd7 10.g4 Rc8 11.g5 Nxd4 12.Rxd4 Ng8 13.f5 Ne7 14.fxe6 Bxe6 15.Bh3 Nc6
16.Nd5 Bxd5 17.exd5 Nxd4 18.Qe4+ Be7 19.Bxc8 Ne2+ 20.Kd2 Qxc8 21.Kxe2 O-O
22.Kd1 Re8 23.Qf3 Qc4 24.Rf1 f6 25.b3 Qc3 26.Qe4 Qc8 27.Qf3 Rf8 28.gxf6 Bxf6
29.Qf5 Qe8 30.Rf3 b5 31.Qf4 Qh5 32.Qf5 Qe8 33.Bd2 g6 34.Qf4 Bg7 35.Qg4 Qe5
36.Rxf8+ Bxf8 37.c4 Qa1+ 38.Ke2 Qe5+ 39.Kd3 Qf6 40.Qe6+ Qxe6 41.dxe6 bxc4+
42.Kxc4 Be7 43.Kd5  1-0

[Event "Chigorin Mem Open"]
[Site "St Petersburg RUS"]
[Date "2009.10.23"]
[Round "8"]
[White "Matsenko,S"]
[Black "Urjubdshzirov,E"]
[Result "1/2-1/2"]
[WhiteElo "2429"]
[BlackElo "2306"]

1.e4 c5 2.Nf3 e6 3.d4 cxd4 4.Nxd4 Nc6 5.Nc3 Qc7 6.Be3 a6 7.Qd2 Nf6 8.O-O-O Bb4
9.f3 Ne7 10.Nde2 b5 11.Kb1 Ba5 12.b4 Bxb4 13.Nxb5 axb5 14.Qxb4 d5 15.Nc3 O-O
16.Nxb5 Qb7 17.Bc5 Nc6 18.Qb2 Rd8 19.Nd4 dxe4 20.Qxb7 Bxb7 21.Bb5 Nxd4 22.Rxd4 exf3
23.gxf3 Bxf3 24.Rxd8+ Rxd8 25.Rf1 Be4 26.Bb4 Rc8 27.Rc1 Nd5 28.Bd2 Nb6 29.a4 Nc4
30.Bb4 g5 31.Be7 g4 32.Rd1 Ne3 33.Rd8+ Rxd8 34.Bxd8 Nxc2 35.Kb2 Nd4 36.Kc3 Nxb5+
37.axb5 Kg7 38.Kd4 Bd5 39.Ke5 Kg6 40.Bf6 Bf3 41.b6 Bg2 42.Bh4 h6 43.Bf6 Bd5
44.Bh4 Kh5 45.Be7 Kg6 46.Bf6 Bb7 47.Bh4 Bf3 48.Bf6 Bd5 49.Bh4 f5 50.b7 Bxb7
51.Kxe6 f4 52.Ke5 f3 53.Kf4 Bc8 54.h3 f2  1/2-1/2

[Event "Chigorin Mem Open"]
[Site "St Petersburg RUS"]
[Date "2009.10.23"]
[Round "8"]
[White "Malakhov,I"]
[Black "Zanan,E"]
[Result "1-0"]
[WhiteElo "2414"]
[BlackElo "2111"]

1.e4 c5 2.Nf3 e6 3.d4 cxd4 4.Nxd4 Nc6 5.Nc3 Qc7 6.Be3 a6 7.Qd2 Nf6 8.f3 Bb4
9.a3 Be7 10.O-O-O b5 11.Nxc6 dxc6 12.g4 a5 13.g5 Nd7 14.f4 b4 15.Nb1 bxa3
16.Nxa3 O-O 17.Bc4 Nb6 18.Bb3 a4 19.Ba2 Ba6 20.f5 Bxa3 21.bxa3 Nc4 22.Bxc4 Bxc4
23.Qc3 Be2 24.Rde1 Bh5 25.Bd4 Qf4+ 26.Kb2 Qf3 27.Bxg7 Qxc3+ 28.Bxc3 exf5
29.exf5 Rfe8 30.Bd4 Bg4 31.f6 Be6 32.Kc3 Red8 33.Re5 Rd7 34.Rb1 Kf8 35.h4 Rd5
36.Rxd5 cxd5 37.Bc5+ Kg8 38.Kd4 h6 39.gxh6 Kh7 40.Rb6 Bf5 41.c3 Kxh6 42.Kxd5 Kh5
43.c4 Kxh4 44.Be7 Kg4 45.c5 Kf4 46.c6 Be6+ 47.Kd6 Ke4 48.c7 Rc8 49.Rb4+ Kd3
50.Rxa4 Kc3 51.Rb4 Bf5 52.Rb8 Kc4 53.a4 Be6 54.a5  1-0

[Event "Guernsey Open"]
[Site "Guernsey GCI"]
[Date "2009.10.24"]
[Round "7"]
[White "Kamps,J"]
[Black "Thurlow,K"]
[Result "1/2-1/2"]
[WhiteElo "2033"]
[BlackElo "2070"]

1.e4 c5 2.Nf3 e6 3.Nc3 Nc6 4.d4 cxd4 5.Nxd4 a6 6.g3 Nf6 7.Bg2 Be7 8.O-O Qc7
9.Be3 Nxd4 10.Bxd4 e5 11.Be3 d6 12.Bg5  1/2-1/2

[Event "8th TCh-Eur w"]
[Site "Novi Sad SRB"]
[Date "2009.10.24"]
[Round "3"]
[White "Gara,A"]
[Black "Muhren,B"]
[Result "1-0"]
[WhiteElo "2365"]
[BlackElo "2290"]

1.e4 c5 2.Nf3 e6 3.d4 cxd4 4.Nxd4 Nc6 5.Nc3 Qc7 6.Be2 a6 7.O-O Nf6 8.Be3 Bb4
9.Na4 O-O 10.c4 Nxe4 11.c5 d5 12.Rc1 Qe5 13.Nxc6 bxc6 14.Nb6 Ra7 15.a3 Ba5
16.Bd4 Qb8 17.b4 Bxb6 18.cxb6 Re7 19.f4 Qb7 20.Qa4 Rfe8 21.Bd3 f5 22.Rfe1 Qb8
23.Rf1 Bb7 24.Qc2 Qa8 25.Qe2 a5 26.Ra1 axb4 27.axb4 Qd8 28.Qe3 Rf7 29.Ra7 Qd6
30.Rb1 Rc8 31.Bc5 Qd8 32.Qd4 Qf6 33.Qxf6 gxf6 34.Rba1 Rb8 35.Bd4 Kg7 36.Ba6 Kg6
37.Bxb7 Rfxb7 38.Rxb7 Rxb7 39.Ra7 Rb8 40.Re7 e5 41.fxe5 fxe5 42.Rxe5 f4 43.Re7 Kf5
44.b7 Nd6 45.Be5 Rxb7 46.Bxd6 Rb6 47.Bc5 Rb8 48.Rxh7 Ra8 49.Ba7 Re8 50.Kf2 Re4
51.Rf7+ Kg5 52.Kf3 Re1 53.h4+  1-0

[Event "8th TCh-Eur w"]
[Site "Novi Sad SRB"]
[Date "2009.10.24"]
[Round "3"]
[White "Jelica,M"]
[Black "Stojkovska,M"]
[Result "1-0"]
[WhiteElo "2242"]
[BlackElo "1902"]

1.e4 c5 2.Nf3 e6 3.d4 cxd4 4.Nxd4 Nc6 5.Nc3 a6 6.Be3 Qc7 7.Qd2 Nf6 8.O-O-O Bb4
9.f3 O-O 10.g4 Ne5 11.g5 Bxc3 12.Qxc3 Qxc3 13.bxc3 Ne8 14.c4 d6 15.Be2 Bd7
16.f4 Nc6 17.Nb3 a5 18.Nc5 Bc8 19.Na4 f5 20.Nb6 Rb8 21.c5 d5 22.exd5 exd5
23.Nxc8 Rxc8 24.Rxd5 Nc7 25.Rd7 Rfe8 26.Bc4+ Kh8 27.Bd2 Re4 28.Bd3 Ra4 29.Re1 Na6
30.Bxa6 bxa6 31.Bc3 Rxf4 32.Rc7  1-0

[Event "17th TCh-Eur"]
[Site "Novi Sad SRB"]
[Date "2009.10.24"]
[Round "3"]
[White "Nevednichy,V"]
[Black "Mastrovasilis,D"]
[Result "0-1"]
[WhiteElo "2601"]
[BlackElo "2569"]

1.e4 c5 2.Nf3 e6 3.d4 cxd4 4.Nxd4 Nc6 5.Nc3 Qc7 6.Nb3 a6 7.f4 b5 8.Bd3 Bb7
9.O-O d6 10.Qf3 Nf6 11.Bd2 Be7 12.Kh1 O-O 13.Qh3 Rad8 14.Rae1 Rfe8 15.Ne2 e5
16.Ng3 Bc8 17.f5 d5 18.a3 b4 19.exd5 Rxd5 20.Bg5 bxa3 21.bxa3 Nd4 22.Bxf6 Bxf6
23.Ne4 Qe7 24.Nbd2 Kh8 25.Nc4 Bb7 26.Qh5 Rd7 27.Nb6 Rc7 28.c3 Nb3 29.Bc2  0-1

[Event "8th TCh-Eur w"]
[Site "Novi Sad SRB"]
[Date "2009.10.24"]
[Round "3"]
[White "Kulovana,E"]
[Black "Vasiliev,Olg"]
[Result "1/2-1/2"]
[WhiteElo "2287"]
[BlackElo "2266"]

1.e4 c5 2.Nf3 Nc6 3.Nc3 e6 4.d4 cxd4 5.Nxd4 a6 6.Be2 Qc7 7.O-O Nf6 8.Be3 Bb4
9.Na4 Bd6 10.Nxc6 bxc6 11.Nb6 Rb8 12.Nxc8 Rxc8 13.f4 Nxe4 14.Bxa6 Ra8 15.Bd3 Bc5
16.Bxc5 Nxc5 17.Kh1 d5 18.f5 e5 19.Qg4 f6 20.Qb4 Qe7 21.Qb6 Qd6 22.Qb4 O-O
23.Qd2 e4 24.Be2 Qe5 25.c3 Rfb8 26.Bd1 Nd3 27.b3 Nc5 28.b4 Nb7 29.Bb3 Nd6
30.g4 Re8 31.Qe3 Kh8 32.Rad1 Nb5 33.Rc1 d4 34.cxd4 Qxd4 35.Rfe1 Qxb4 36.Rxc6 Nd6
37.Rb6 Qa3 38.Qd4 Rad8 39.Qb4 Qxb4 40.Rxb4 g6 41.Be6 Kg7 42.Ra4 Kf8 43.Kg2 Re7
44.Rd4 Ree8 45.Kf2 Nf7 46.Rxd8 Rxd8 47.fxg6 hxg6 48.Bxf7 Kxf7 49.Rxe4 Rd2+
50.Re2 Rd3 51.Rb2 Ke6 52.Re2+ Kd5 53.Kf1 Ra3 54.Rf2 f5 55.gxf5 gxf5 56.Kg2 f4  1/2-1/2

[Event "17th TCh-Eur"]
[Site "Novi Sad SRB"]
[Date "2009.10.25"]
[Round "4"]
[White "Hautot,S"]
[Black "Berend,F"]
[Result "1/2-1/2"]
[WhiteElo "2420"]
[BlackElo "2371"]

1.e4 c5 2.Nf3 e6 3.d4 cxd4 4.Nxd4 Nc6 5.Nc3 d6 6.Be3 Nf6 7.Qd2 Be7 8.Be2 O-O
9.O-O-O a6 10.Rhg1 Nxd4 11.Bxd4 b5 12.f3 Rb8 13.e5 dxe5 14.Bxe5 Qxd2+ 15.Rxd2 Rb7
16.Bd6 Re8 17.Bxe7 Rexe7 18.Rd8+ Re8 19.Rxe8+ Nxe8 20.a4 Bd7 21.Ne4 Rc7 22.Rd1 Kf8
23.Nc5 Rxc5 24.Rxd7 Nc7 25.Rd6 Ke7 26.Rb6 Rh5 27.h3 Re5 28.Kd2 h5 29.h4 Rd5+
30.Bd3 g5 31.axb5 axb5 32.hxg5 Rxg5 33.Bf1 Rd5+ 34.Bd3 Rg5 35.Bf1 Rd5+  1/2-1/2

[Event "WJun"]
[Site "Puerto Madryn ARG"]
[Date "2009.10.25"]
[Round "5"]
[White "Bajarani,U"]
[Black "Diamant,A"]
[Result "1/2-1/2"]
[WhiteElo "2392"]
[BlackElo "2526"]

1.e4 c5 2.Nf3 e6 3.d4 cxd4 4.Nxd4 Nc6 5.Nc3 g6 6.Nxc6 bxc6 7.e5 d5 8.exd6 Qxd6
9.Qf3 Nf6 10.Bf4 e5 11.Qe2 Nd7 12.Bd2 Be7 13.g4 Rb8 14.b3 Nf6 15.h3 h5 16.g5 Nd5
17.Ne4 Qe6 18.Qf3 Qf5 19.Qxf5 Bxf5 20.Bd3  1/2-1/2

[Event "III It"]
[Site "Sitges ESP"]
[Date "2009.10.26"]
[Round "3"]
[White "Oms Fuentes,L"]
[Black "Lacasa Diaz,J"]
[Result "1-0"]
[WhiteElo "2370"]
[BlackElo "2405"]

1.e4 c5 2.Nf3 e6 3.d4 cxd4 4.Nxd4 Nc6 5.Nc3 Qc7 6.Be3 a6 7.Qd2 Nf6 8.O-O-O Be7
9.f3 O-O 10.g4 b5 11.g5 Ne8 12.Nxc6 dxc6 13.f4 Nd6 14.e5 Nf5 15.Bg2 Bb7 16.Qf2 c5
17.Bxb7 Qxb7 18.Bxc5 Bxc5 19.Qxc5 b4 20.Nb1 Rfc8 21.Qf2 b3 22.axb3 Qxb3 23.Rhe1 Rab8
24.Rd8+  1-0

[Event "Open"]
[Site "Liberec CZE"]
[Date "2009.10.27"]
[Round "4"]
[White "Kopp,L"]
[Black "Jina,L"]
[Result "0-1"]
[WhiteElo "1497"]
[BlackElo "1911"]

1.e4 c5 2.Nf3 Nc6 3.d4 cxd4 4.Nxd4 e6 5.Nc3 Nf6 6.Be2 Be7 7.O-O d6 8.Be3 O-O
9.f4 a6 10.Qd2 Nxd4 11.Bxd4 b5 12.a3 Bb7 13.Bf3 Qc7 14.Rae1 Rad8 15.Qf2 Nd7
16.Qg3 e5 17.fxe5 dxe5 18.Be3 Bc5 19.Qf2 f6 20.Rd1 Bxe3 21.Qxe3 Nb6 22.Rfe1 Nc4
23.Qc1 Nxa3 24.Nd5 Bxd5 25.bxa3 Bc4 26.Be2 Rxd1 27.Qxd1 Bxe2 28.Qd5+ Kh8
29.Rxe2 Rd8 30.Qb3 h6 31.h4 Qd7 32.Kf2 Rc8 33.Kf3 Qd4 34.Re3 Qd1+ 35.Re2 Qc1
36.h5 Qf4+  0-1

[Event "17th TCh-Eur"]
[Site "Novi Sad SRB"]
[Date "2009.10.27"]
[Round "6"]
[White "Cheparinov,I"]
[Black "Laznicka,V"]
[Result "0-1"]
[WhiteElo "2667"]
[BlackElo "2634"]

1.e4 c5 2.Nf3 e6 3.d4 cxd4 4.Nxd4 Nc6 5.Nc3 a6 6.Nxc6 bxc6 7.e5 Qc7 8.Bf4 f5
9.g4 Nh6 10.gxf5 Nxf5 11.Qf3 Bb4 12.Bd3 O-O 13.Rg1 Bb7 14.O-O-O Bxc3 15.bxc3 c5
16.Qg4 Rf7 17.Bxf5 exf5 18.Qh5 Qc6 19.Rd3 Qa4 20.Qh6 Qc6 21.Rd6 Qe4 22.e6 dxe6
23.Rxe6 Qc4 24.Be5 Bg2 25.Bxg7 Rxg7 26.Re7 Qxc3 27.Rxg2 Qa1+ 28.Kd2 Rd8+  0-1

[Event "8th TCh-Eur w"]
[Site "Novi Sad SRB"]
[Date "2009.10.27"]
[Round "6"]
[White "Andriasian,S"]
[Black "Guichard,P"]
[Result "0-1"]
[WhiteElo "2234"]
[BlackElo "2304"]

1.e4 c5 2.Nf3 e6 3.d4 cxd4 4.Nxd4 Nc6 5.Nc3 Qc7 6.g3 a6 7.Bg2 d6 8.O-O Bd7
9.Be3 Be7 10.Nb3 Nf6 11.Na4 O-O 12.Nb6 Rad8 13.f4 d5 14.exd5 exd5 15.Nxd7 Rxd7
16.Nd4 Bc5 17.c3 Qb6 18.b4 Bxd4 19.Bxd4 Nxd4 20.Qxd4 Qxd4+ 21.cxd4 Rc7 22.Rac1 Rfc8
23.Rxc7 Rxc7 24.Re1 h5 25.h3 Rc4 26.a3 Rxd4 27.Re7 Rd1+ 28.Kf2 Rd2+ 29.Re2 Rd1
30.Re7 Ra1 31.Rxb7 Ra2+ 32.Kf1 Rxa3 33.Ra7 Rb3 34.Rxa6 Rxb4 35.Rd6 Kf8 36.Kf2 Ke7
37.Ra6 h4 38.f5 Rb2+ 39.Kf1 hxg3 40.Ra7+ Kd6 41.Ra3 Nh5 42.Rf3 Rb1+ 43.Ke2 Rg1  0-1

[Event "8th TCh-Eur w"]
[Site "Novi Sad SRB"]
[Date "2009.10.27"]
[Round "6"]
[White "Kosintseva,N"]
[Black "Ushenina,A"]
[Result "1/2-1/2"]
[WhiteElo "2493"]
[BlackElo "2474"]

1.e4 c5 2.Nf3 Nc6 3.Nc3 e6 4.d4 cxd4 5.Nxd4 Nf6 6.Ndb5 d6 7.Bf4 e5 8.Bg5 a6
9.Na3 b5 10.Nd5 Be7 11.Bxf6 Bxf6 12.c4 bxc4 13.Nxc4 O-O 14.Nce3 Rb8 15.Qd2 a5
16.Bc4 Bg5 17.O-O Be6 18.b3 Kh8 19.Rad1 Qd7 20.Qd3 Rfd8 21.Bb5 Bxe3 22.Nxe3 Qb7
23.Bc4 Qa7 24.Rc1 Nb4 25.Qe2 Qb7 26.f3 Qa7 27.Rfe1 d5 28.exd5 Nxd5 29.Bxd5 Bxd5
30.Qf2 f6 31.Nxd5 Qxf2+ 32.Kxf2 Rxd5 33.Rc4 h6 34.Re2 Rbd8 35.Rec2 Kh7 36.Ke2 R8d7
37.Rc5 Kg6 38.Rxd5 Rxd5 39.Rc7 h5 40.Ke3 h4 41.h3  1/2-1/2

[Event "Corsica Masters"]
[Site "Bastia FRA"]
[Date "2009.10.28"]
[Round "6"]
[White "Remille,T"]
[Black "Massoni,M"]
[Result "0-1"]
[WhiteElo "2216"]
[BlackElo "2291"]

1.e4 c5 2.Nf3 e6 3.d4 cxd4 4.Nxd4 Nc6 5.Nc3 Qc7 6.g3 a6 7.Bg2 Nf6 8.O-O Be7
9.Bf4 e5 10.Nd5 Nxd5 11.exd5 Nxd4 12.Qxd4 d6 13.Qa4+ b5 14.Qe4 exf4 15.Rfe1 Ra7
16.a4 bxa4 17.Rxa4 O-O 18.Rc4 Qd8 19.Qxf4 Rc7  0-1

[Event "17th TCh-Eur"]
[Site "Novi Sad SRB"]
[Date "2009.10.28"]
[Round "7"]
[White "Kryvoruchko,Y"]
[Black "Cvek,R"]
[Result "1-0"]
[WhiteElo "2612"]
[BlackElo "2518"]

1.e4 c5 2.Nf3 e6 3.d4 cxd4 4.Nxd4 Nc6 5.Nc3 Qc7 6.Be3 a6 7.Qd2 Nf6 8.O-O-O Bb4
9.f3 Na5 10.Bf2 d6 11.a3 Bxc3 12.Qxc3 Qxc3 13.bxc3 Ke7 14.c4 Bd7 15.Nb3 Nxb3+
16.cxb3 b5 17.c5 d5 18.Bh4 dxe4 19.fxe4 Rhc8 20.b4 Ke8 21.Bxf6 gxf6 22.Kb2 Bc6
23.Bd3 Ke7 24.Bc2 Rd8 25.Kc3 h6 26.Rhf1 Rac8 27.Rd2 Rxd2 28.Kxd2 Rd8+ 29.Ke3 a5
30.Rd1 Rxd1 31.Bxd1 axb4 32.axb4 Bd7 33.Bf3 Be8 34.Kf4 Kf8 35.Kg4 Kg7 36.Kh5 Kh7
37.e5 fxe5 38.Bb7 f5+ 39.Kh4 e4 40.Kg3 Bh5 41.Kf2  1-0

[Event "17th TCh-Eur"]
[Site "Novi Sad SRB"]
[Date "2009.10.28"]
[Round "7"]
[White "Volokitin,And"]
[Black "Laznicka,V"]
[Result "1-0"]
[WhiteElo "2681"]
[BlackElo "2634"]

1.e4 c5 2.Nf3 e6 3.d4 cxd4 4.Nxd4 Nc6 5.Nc3 a6 6.Bf4 d6 7.Nxc6 bxc6 8.Qd2 e5
9.Bg5 Nf6 10.O-O-O h6 11.Bh4 Be6 12.f3 a5 13.b3 Rb8 14.Kb1 Rb4 15.Be2 Qb6
16.a3 Rd4 17.Bf2 c5 18.Bb5+ Ke7 19.Qe2 g6 20.Bxd4 cxd4 21.Na4 Qb7 22.Bc4 Bd7
23.Nb2 Bg7 24.Qd2 Ra8 25.Rhe1 Kf8 26.Ka2 d5 27.exd5 Nxd5 28.Bxd5 Qxd5 29.Nc4 Ra6
30.f4 e4 31.Ne5 Bxe5 32.fxe5 d3 33.c4 Qb7 34.Qxh6+ Kg8 35.Qh4 Bf5 36.Qd8+ Kh7
37.g4 a4 38.b4 Be6 39.Re3 Bxg4 40.Qh4+ Bh5 41.Rxe4 Qd7 42.Rd4 Qf5 43.R1xd3 Qxe5
44.Qf4  1-0

[Event "8th TCh-Eur w"]
[Site "Novi Sad SRB"]
[Date "2009.10.28"]
[Round "7"]
[White "Stojkovska,M"]
[Black "Misovic,S"]
[Result "1/2-1/2"]
[WhiteElo "1902"]
[BlackElo "1921"]

1.e4 c5 2.Nf3 e6 3.d4 cxd4 4.Nxd4 Nc6 5.Nc3 Qc7 6.Nb3 a6 7.Bd3 Nf6 8.O-O b5
9.f4 d6 10.Qf3 Bb7 11.Bd2 Be7 12.Rae1 b4 13.Na4 O-O 14.Qh3 h6 15.c3 a5 16.Rc1 Qd8
17.Be3 Nd7 18.Nd2 Ba6 19.Bf2 Bxd3 20.Qxd3 Nc5 21.Nxc5 dxc5 22.Qxd8 Rfxd8
23.Nf3 Rab8 24.b3 bxc3 25.Rxc3 Nb4 26.a3 Na6 27.Be3 Rdc8 28.Nd2 Rb7 29.Nc4 Rb5
30.Rd1 Rcb8 31.Rd7 Bd8 32.Nd6 R5b6 33.Nxf7 Rxb3 34.Rxd8+ Rxd8 35.Rxb3 Kxf7
36.Rb6 Nb8 37.Bxc5 Rd1+ 38.Kf2 Nd7 39.Rb7 Ke8 40.Rb5 Nxc5 41.Rxc5 Rd2+ 42.Kf1 Rd4
43.Rxa5 Rxe4 44.g3 Kf7 45.Kf2 Rc4 46.Kf3 Rc2 47.h3 Rc3+ 48.Kg4 Kf6 49.a4 Ra3
50.Ra6 Kf7 51.Ra8 Kg6 52.a5 Kf6 53.a6 Kg6 54.a7 Kh7 55.Re8 Rxa7 56.Rxe6 Ra3
57.f5 Ra4+ 58.Kh5 Ra3 59.Kh4 Ra4+ 60.g4 Ra3 61.Rg6 Rf3 62.Rc6 Re3 63.Rc2 Rf3
64.Rc7 Kg8 65.Kh5 Kh7 66.h4 Rf4 67.Rc5 Rf1 68.g5 Rxf5 69.Rxf5 g6+ 70.Kg4 gxf5+
71.Kxf5 hxg5 72.hxg5 Kg7 73.Kg4 Kg6 74.Kf4 Kg7 75.Kf5 Kf7  1/2-1/2

[Event "8th TCh-Eur w"]
[Site "Novi Sad SRB"]
[Date "2009.10.28"]
[Round "7"]
[White "Makropoulou,M"]
[Black "Zawadzka,J"]
[Result "1-0"]
[WhiteElo "2288"]
[BlackElo "2414"]

1.e4 c5 2.Nf3 e6 3.d4 cxd4 4.Nxd4 Nc6 5.Nc3 Qc7 6.Be2 a6 7.Be3 Nf6 8.O-O Be7
9.f4 d6 10.Kh1 O-O 11.a4 Re8 12.Qe1 Nxd4 13.Bxd4 e5 14.fxe5 dxe5 15.Qg3 Bd8
16.Be3 Kh8 17.Rf2 Be6 18.Raf1 Rc8 19.h3 Rg8 20.Bd3 Be7 21.Qf3 Rcd8 22.g4 Bc5
23.Bg5 Bxf2 24.Rxf2 Qe7 25.Qg3 Rde8 26.Qh4 Qc5 27.Rxf6 gxf6 28.Bxf6+ Rg7
29.Qg5 Rg8 30.Kg2 Bc4 31.h4 Bxd3 32.cxd3 Qb6 33.Nd1 Qd4 34.h5 Qxd3 35.Nf2 Qd6
36.h6 Qf8 37.Qxe5 b5 38.axb5 axb5 39.b4  1-0

[Event "17th TCh-Eur"]
[Site "Novi Sad SRB"]
[Date "2009.10.29"]
[Round "8"]
[White "Solak,D"]
[Black "Pelletier,Y"]
[Result "1/2-1/2"]
[WhiteElo "2583"]
[BlackElo "2589"]

1.e4 c5 2.Nf3 e6 3.d4 cxd4 4.Nxd4 Nc6 5.Nc3 Qc7 6.Be3 a6 7.Bd3 Nf6 8.O-O Nxd4
9.Bxd4 Bc5 10.Bxc5 Qxc5 11.Qd2 d6 12.Rae1 e5 13.Re3 Be6 14.Rg3 h6 15.Be2 Kf8
16.Kh1 Rd8 17.f4 exf4 18.Qxf4 Qe5 19.Qe3 Kg8 20.Bd3 Kh7 21.Nd5 Nd7 22.b4 Rhf8
23.Qa7 Rb8 24.c4 Kh8 25.a4 Qb2 26.Rb1 Qd2 27.Qd4 Ne5 28.c5 f6 29.cxd6 Rbd8
30.Nb6 Nc6 31.Qc5 Ne5 32.Qd4 Nc6 33.Qc5 Ne5  1/2-1/2